LIBRARY ONLINE CATALOGUE

Introduction to seismology / (Record no. 9449)

MARC details
000 -LEADER
fixed length control field 00577nam a22002052 4500
001 - CONTROL NUMBER
control field 0000020669
005 - DATE AND TIME OF LATEST TRANSACTION
control field 20151217152219.0
008 - FIXED-LENGTH DATA ELEMENTS--GENERAL INFORMATION
fixed length control field 111003s xx 000 0 eng d
020 ## - INTERNATIONAL STANDARD BOOK NUMBER
International Standard Book Number 0521708425 :
040 ## - CATALOGING SOURCE
Original cataloging agency KABU
Transcribing agency KABU
100 1# - MAIN ENTRY--PERSONAL NAME
Personal name Shearer, Peter M.
-- 0000181160
245 10 - TITLE STATEMENT
Title Introduction to seismology /
Statement of responsibility, etc. Peter M. Shearer.
250 ## - EDITION STATEMENT
Edition statement 2nd ed.
260 ## - PUBLICATION, DISTRIBUTION, ETC. (IMPRINT)
Place of publication, distribution, etc. Cambridge :
Name of publisher, distributor, etc. C. U. P.,
Date of publication, distribution, etc. 2009.
300 ## - PHYSICAL DESCRIPTION
Extent xiv, 396 p.
650 #0 - SUBJECT ADDED ENTRY--TOPICAL TERM
Topical term or geographic name as entry element Seismology.
-- 0000181161
852 1# - LOCATION
-- p6045 KES
908 ## - PUT COMMAND PARAMETER (RLIN)
Put command parameter 111003
950 ## - LOCAL HOLDINGS (RLIN)
-- 1
Holdings
Withdrawn status Lost status Source of classification or shelving scheme Not for loan Home library Current library Date acquired Total Checkouts Full call number Barcode Date last seen Price effective from Koha item type
    Library of Congress Classification   Kabarak, Main Campus Kabarak, Main Campus 17/12/2015   QE534.2 .S54 2009 c. 1 19180 17/12/2015 17/12/2015 General Collection